00732nam a2200217u 450000100060000000300080000600500170001400800390003103500190007004000280008904100080011708200270012524500420015226000600019430000250025465000350027970000260031494200120034099900170035295201450036920652BD-RjUL20211209000607.0140301r19531939enk 000 1 eng a(BD-RjUL)20714 aDLCcCarPdBD-RjULbeng aeng04222a823.9208bMOD 195310aModern short stories /cJohn Hadfield aLondon :bJ. M. Dent & sons ltd.,c1939 [reprint 1953]. axi, 336 p. ;c19 cm. 0aShort stories, English.9571671 aHadfield, John963727 2ddccBK c20652d20652 00102ddc40728FICaRUCLbRUCLcReadingd1955-09-19eB. H. Bluckwellg6.00l0o823.9208 MOD 1953r2014-03-01 00:00:00tC-1w2014-03-01yBK